000 00289nam a2200109Ia 4500
008 190914s9999||||xx |||||||||||||| ||und||
100 _aSyed Husain Kazmi
245 0 _aWajid Ali Shah : Unki Shayree aur Mersiyee
260 _aKarachi
_bShaikh Shoukat Ali
_c1996
300 _a397
942 _cBK
999 _c9021
_d9021